Two-Syllable Blitz Quiz Stats

Quiz Updated Jun 18, 2017

Also try: One-Syllable Blitz
Challenge
Share
Tweet
Embed
Score 0/40 Timer 03:00
0 Plays Today
Hint Answer % Correct
PlanetVenus
97.3%
U.S. presidentCarter
89.5%
SeasonSummer
89%
European capitalLondon
88.6%
Citrus fruitLemon
85.7%
Chess pieceBishop
85%
South American countryPeru
84.3%
Scooby-Doo palVelma
83.4%
Chinese zodiac animalTiger
80.2%
U.S. StateKansas
74.9%
Spice Girl nicknameScary
74.7%
HerbParsley
74.1%
Punctuation markColon
73.7%
One-digit numberSeven
71.9%
Rainbow colorYellow
71.5%
LOTR raceNazg├╗l
70.3%
Clue/Cluedo roomStudy
69.5%
Borough of New YorkBrooklyn
67.1%
British Prime Minister (post 1900)Churchill
65.4%
MonthApril
64%
Hint Answer % Correct
Ivy League schoolHarvard
63.8%
ApostleSimon
62.4%
Simple machineLever
60.1%
Sporcle categoryGaming
60%
English monarch (post 1066)Mary
59.4%
Brass orchestra instrumentFrench Horn
57.1%
NHL team nameCanucks
56.9%
Section of an orchestraWoodwind
53.5%
English countyEssex
52.6%
Oceania countryFiji
52%
ElementCopper
50.6%
Human ear boneIncus
50%
NFL team nameDolphins
48.2%
Part of speechAdverb
47.8%
Old Testament bookNumbers
43.9%
Deadly sinEnvy
41.8%
Bond movieSkyfall
37.5%
Pixar movieWALL-E
32.5%
Beatles #1 single (UK/US)Get Back
29.9%
One-word Premiership teamChelsea
26%

You're not logged in!

Compare scores with friends on all Sporcle quizzes.
Sign Up with Email
OR
Log In

You Might Also Like...

Show Comments

Extras

Top Quizzes Today


Score Distribution

Your Account Isn't Verified!

In order to create a playlist on Sporcle, you need to verify the email address you used during registration. Go to your Sporcle Settings to finish the process.